Research Methods for Business Students / (Record no. 12799)
[ view plain ]
| 000 -LEADER | |
|---|---|
| fixed length control field | 03303cam a22004098a 4500 |
| 001 - CONTROL NUMBER | |
| control field | 15573286 |
| 005 - DATE AND TIME OF LATEST TRANSACTION | |
| control field | 20090115144831.0 |
| 008 - FIXED-LENGTH DATA ELEMENTS--GENERAL INFORMATION | |
| fixed length control field | 090102s2009 nyu b 001 0 eng |
| 010 ## - LIBRARY OF CONGRESS CONTROL NUMBER | |
| LC control number | 2008054877 |
| 020 ## - INTERNATIONAL STANDARD BOOK NUMBER | |
| International Standard Book Number | 9780273716860 (pbk. : alk. paper) |
| 040 ## - CATALOGING SOURCE | |
| Original cataloging agency | DLC |
| Transcribing agency | DLC |
| 050 00 - LIBRARY OF CONGRESS CALL NUMBER | |
| Classification number | HD30.4 |
| Item number | .S28 2009 |
| 082 00 - DEWEY DECIMAL CLASSIFICATION NUMBER | |
| Classification number | 650.072 |
| Edition number | 22 |
| Item number | SAU |
| 100 1# - MAIN ENTRY--PERSONAL NAME | |
| Personal name | Saunders, Mark |
| Dates associated with a name | 1959- |
| 9 (RLIN) | 8900 |
| 245 10 - TITLE STATEMENT | |
| Title | Research Methods for Business Students / |
| Statement of responsibility, etc | Mark Saunders, Philip Lewis, Adrian Thornhill. |
| 250 ## - EDITION STATEMENT | |
| Edition statement | 5th ed. |
| 260 ## - PUBLICATION, DISTRIBUTION, ETC. (IMPRINT) | |
| Place of publication, distribution, etc | New York : |
| Name of publisher, distributor, etc | Prentice Hall, |
| Date of publication, distribution, etc | c2009. |
| 263 ## - PROJECTED PUBLICATION DATE | |
| Projected publication date | 0904 |
| 300 ## - PHYSICAL DESCRIPTION | |
| Extent | xxxi, 614p.: |
| Other physical details | ill.; |
| Dimensions | 24cm. |
| 504 ## - BIBLIOGRAPHY, ETC. NOTE | |
| Bibliography, etc | Includes bibliographical references and index. |
| 505 0# - FORMATTED CONTENTS NOTE | |
| Formatted contents note | The nature of business and management research and structure of this book -- Formulating and clarifying the research topic -- Critically reviewing the literature -- Understanding research philosophies and approaches -- Formulating the research design -- Negotiating access and research ethics -- Selecting samples -- Using secondary data -- Collecting primary data through observation -- Collecting primary data using semi-structured, in-depth and group interviews -- Collecting primary data using questionnaires -- Analysing quantitative data -- Analysing qualitative data -- Writing and presenting your project report. |
| 650 #0 - SUBJECT ADDED ENTRY--TOPICAL TERM | |
| Topical term or geographic name as entry element | Business |
| General subdivision | Research. |
| 9 (RLIN) | 8901 |
| 650 #0 - SUBJECT ADDED ENTRY--TOPICAL TERM | |
| Topical term or geographic name as entry element | Business |
| General subdivision | Research |
| -- | Data processing. |
| 9 (RLIN) | 8902 |
| 700 1# - ADDED ENTRY--PERSONAL NAME | |
| Personal name | Lewis, Philip, |
| Dates associated with a name | 1945- |
| 9 (RLIN) | 8903 |
| 700 1# - ADDED ENTRY--PERSONAL NAME | |
| Personal name | Thornhill, Adrian. |
| 9 (RLIN) | 8904 |
| 942 ## - ADDED ENTRY ELEMENTS (KOHA) | |
| Source of classification or shelving scheme | Dewey Decimal Classification |
| Item type | Book - Borrowing |
| Withdrawn status | Item status | Source of classification or shelving scheme | Damaged status | Not for loan | Vendor | Home library | Current library | Shelving location | Date acquired | Source of acquisition | Total Checkouts | Total Renewals | Full call number | Barcode | Date last seen | Date last borrowed | Koha item type | Materials specified (bound volume or other part) |
|---|---|---|---|---|---|---|---|---|---|---|---|---|---|---|---|---|---|---|
| Dewey Decimal Classification | Baccah | Central Library | Central Library | First floor | 15/10/2009 | 19 | 71 | 650.072 SAU | 000018077 | 15/07/2025 | 18/04/2018 | Book - Borrowing | ||||||
| Lost | Dewey Decimal Classification | Baccah | Central Library | Central Library | First floor | 15/10/2009 | 7 | 54 | 650.072 SAU | 000018076 | 23/08/2016 | 01/07/2015 | Book - Borrowing | Lost In Inventory_2017-8-25 | ||||
| Lost | Dewey Decimal Classification | Baccah | Central Library | Central Library | First floor | 15/10/2009 | 6 | 13 | 650.072 SAU | 000018075 | 26/05/2010 | 01/04/2010 | Book - Borrowing | Lost In Inventory_2015-8-23 | ||||
| Dewey Decimal Classification | Baccah | Central Library | Central Library | First floor | 15/10/2009 | 17 | 83 | 650.072 SAU | 000018074 | 15/07/2025 | 02/12/2019 | Book - Borrowing | ||||||
| Dewey Decimal Classification | Baccah | Central Library | Central Library | First floor | 15/10/2009 | 14 | 45 | 650.072 SAU | 000018073 | 15/07/2025 | 17/12/2018 | Book - Borrowing | ||||||
| Dewey Decimal Classification | Baccah | Central Library | Central Library | First floor | 15/10/2009 | 10 | 16 | 650.072 SAU | 000018072 | 15/07/2025 | 03/11/2020 | Book - Borrowing | ||||||
| Dewey Decimal Classification | Baccah | Central Library | Central Library | First floor | 15/10/2009 | 19 | 65 | 650.072 SAU | 000018071 | 15/07/2025 | 06/02/2018 | Book - Borrowing | ||||||
| Dewey Decimal Classification | Baccah | Central Library | Central Library | First floor | 15/10/2009 | 7 | 20 | 650.072 SAU | 000018070 | 15/07/2025 | 22/04/2018 | Book - Borrowing | ||||||
| Dewey Decimal Classification | Baccah | Central Library | Central Library | First floor | 15/10/2009 | 5 | 650.072 SAU | 000018069 | 15/07/2025 | 24/05/2013 | NB - Book (Non borrowing) | |||||||
| Dewey Decimal Classification | Central Library | Central Library | First floor | 17/09/2015 | Purchase | 17 | 104 | 650.072 SAU | 000030934 | 15/07/2025 | 02/03/2020 | Book - Borrowing | 000018076 replaced by 114946 |